[Event "Guimaraes op"]
[Site "Guimaraes"]
[Date "2004.01.11"]
[Round "3.3"]
[White "Castro, Henrique Manuel Fer"]
[Black "Barbosa, Paulo Pereira"]
[Result "1/2-1/2"]
[WhiteElo "2049"]
[BlackElo "1529"]
[PlyCount "44"]
[EventDate "2004.01.10"]
[EventType "swiss"]
[EventRounds "4"]
[EventCountry "POR"]
[SourceTitle "CBM 098 Extra"]
[Source "ChessBase"]
[SourceDate "2004.03.10"]
[SourceVersion "2"]
[SourceVersionDate "2004.03.10"]
[SourceQuality "1"]

1. d4 d5 2. c4 e6 3. Nf3 Nf6 4. Bg5 Be7 5. e3 c6 6. Nc3 Nbd7 7. Bd3 dxc4 8. Bxc4 Nd5 9. Bxe7 Qxe7 10. 0-0 0-0 11. a3 Nxc3 12. bxc3 b6 13. Bd3 h6 14. Qe2 Rd8 15. a4 Bb7 16. Ba6 Bxa6 17. Qxa6 c5 18. a5 Nb8 19. Qb5 Qd7 20. Rfb1 Qxb5 21. Rxb5 Nd7 22. dxc5 bxc5 1/2-1/2